00655nam a2200169 i 450000100060000000300090000600500170001500700030003200800410003510000490007624500980012526000500022330000220027350000890029571000690038485200320045384587ES-MaACL20250901212632.0t|041123s1956 sp ||||1| spa d1 aJiménez de Gregorio, Fernando, d1911-201210aNotas para una Geografía de la población murciana / cpor Fernando Jiménez de Gregorio. aMurcia : b[s.n., c1956] (fSucs. de Nogues) a152 p. ; c24 cm. aPrecede al tít.: Cámara Oficial de Comercio, Industria y Navegación de Murcia.2 aCámara Oficial de Comercio, Industria y Navegación de Murcia aES-MaACLjC-12004 bR.39494